LEADER 01097nam a22002531i 4500 001 991003858909707536 005 20030924143524.0 008 031111s1968 sz |||||||||||||||||fre 035 $ab12484337-39ule_inst 035 $aARCHE-051761$9ExL 040 $aDip.to Lingue$bita$cA.t.i. Arché s.c.r.l. Pandora Sicilia s.r.l. 082 04$a842 100 1 $aFournel, Victor$0131701 245 13$aLa comédie :$ble téâtre au XVIIe siècle : La comédie avant Molière, Les types de la vieille comédie, Molière, Les successeurs de Molière, La monnaie de Molière, Un cadet de Molière, Un vaudevilliste au XVIIe siècle /$cVictor Fournel 260 $aGenève :$bSlatkine,$c1968 300 $a416 p. ;$c22 cm 500 $aRipr. dell'ed.: Paris : [s.n.], 1892 650 4$aCommedia francese$ySec. 17. 907 $a.b12484337$b02-04-14$c13-11-03 912 $a991003858909707536 945 $aLE012 F 447$g1$i2012000113473$lle012$o-$pE0.00$q-$rl$s- $t0$u0$v0$w0$x0$y.i12917187$z13-11-03 996 $aComédie$9181162 997 $aUNISALENTO 998 $ale012$b13-11-03$cm$da $e-$ffre$gsz $h3$i1 LEADER 01752nam 2200385z- 450 001 9910346862303321 005 20210211 010 $a1000035742 035 $a(CKB)4920000000101893 035 $a(oapen)https://directory.doabooks.org/handle/20.500.12854/55334 035 $a(oapen)doab55334 035 $a(EXLCZ)994920000000101893 100 $a20202102d2013 |y 0 101 0 $aeng 135 $aurmn|---annan 181 $ctxt$2rdacontent 182 $cc$2rdamedia 183 $acr$2rdacarrier 200 00$aOptimization of Hot-Electron Bolometers for THz Radiation 210 $cKIT Scientific Publishing$d2013 215 $a1 online resource (IX, 127 p. p.) 225 1 $aKarlsruher Schriftenreihe zur Supraleitung / Hrsg. Prof. Dr.-Ing. M. Noe, Prof. Dr. rer. nat. M. Siegel 311 08$a3-7315-0066-3 330 $aHot-electron bolometers are fast and low noise radiation detectors which can be used for many different applications. The aim of this work was to optimize the fabrication process of hot-electron bolometers and gain a deeper understanding of the underlying processes. To achieve this, the fabrication of the superconducting thin films was optimized and the superconducting properties of the films were analyzed. Detectors fabricated using the results showed a record value for the noise temperature. 606 $aTechnology: general issues$2bicssc 610 $anoise temperature 610 $aoptimization 610 $asuperconductivity 610 $aTHz detector 615 7$aTechnology: general issues 700 $aStockhausen$b Axel$4auth$01305278 906 $aBOOK 912 $a9910346862303321 996 $aOptimization of Hot-Electron Bolometers for THz Radiation$93027829 997 $aUNINA